Devine le pays #1 - Statistiques

Statistiques générales
  • Ce quiz a été pris 894 fois
  • Le résultat moyen est 10 sur 15
Statistiques - réponses
Devine le pays ... Réponse % Correct
Le plus grand Russie
100%
Le plus peuplé au monde (2023) Inde
97%
Le plus petit Vatican
87%
Dont l'emblème est le kangourou Australie
83%
A remporté le plus de Coupe du monde de Football Brésil
83%
Le plus gros pollueur Chine
79%
Le plus de prisonniers Etats-Unis
76%
A une frontière avec le Brésil et l'Allemagne France
76%
Le plus grand exportateur de pétrole Arabie Saoudite
75%
La population la plus âgée Japon
66%
Le plus de mort pendant la 2éme guerre mondiale Russie
57%
5 fois plus de moutons que d'habitants Nouvelle-Zélande
47%
Le plus grand pays enclavé Kazakhstan
37%
Le plus récent Soudan du Sud
34%
La population la moins âgée Niger
28%
Aucun quiz correspondant
Distribution des résultats
% des personnes avec chaque résultat
Percentile par nombre de réponses
Votre historique - résultats
Vous n’avez pas pris ce quiz